[Event "IECC CL4-2003.21 email"]
[Site "IECC email"]
[Date "2003.09.14"]
[Round "?"]
[White "Mullen, John"]
[Black "Manzer, Karl"]
[Result "1-0"]
[WhiteElo "1729"]
[BlackElo "1586"]
[PlyCount "53"]
[EventDate "2003.??.??"]
[EventType "tourn (corr)"]
[EventRounds "4"]
[SourceTitle "Corr 2008"]
[Source "ChessBase"]
[SourceDate "2008.06.24"]
[SourceVersion "1"]
[SourceVersionDate "2008.06.24"]
[SourceQuality "1"]

1. e4 e5 2. Nf3 Nc6 3. Bb5 a6 4. Ba4 b5 5. Bb3 Nf6 6. 0-0 Be7 7. d4 Nxe4 8. Nxe5 Nxe5 9. dxe5 Bb7 10. Bd5 Nc5 11. Bxb7 Nxb7 12. Qg4 g6 13. Bh6 Bf8 14. Bxf8 Kxf8 15. a4 c6 16. axb5 cxb5 17. Nc3 Kg7 18. Rfd1 Nc5 19. Rd6 Re8 20. b4 Ne6 21. Nd5 Qc8 22. Qf3 Nd4 23. Qf6+ Kg8 24. Qh4 Nf5 25. Nf6+ Kf8 26. Qxh7 Nxd6 27. exd6 1-0

[Event "IECC CL4-2003.16 email"]
[Site "IECC email"]
[Date "2003.07.14"]
[Round "?"]
[White "Andersson, Paul"]
[Black "Mullen, John"]
[Result "0-1"]
[WhiteElo "1713"]
[BlackElo "1701"]
[PlyCount "44"]
[EventDate "2003.??.??"]
[EventType "tourn (corr)"]
[EventRounds "4"]
[SourceTitle "Corr 2008"]
[Source "ChessBase"]
[SourceDate "2008.06.24"]
[SourceVersion "1"]
[SourceVersionDate "2008.06.24"]
[SourceQuality "1"]

1. d4 Nf6 2. Nf3 d5 3. c4 e6 4. Bg5 Be7 5. e3 0-0 6. Nc3 Nbd7 7. Rc1 h6 8. Bh4 c6 9. Bd3 dxc4 10. Bxc4 a6 11. 0-0 b5 12. Bd3 Bb7 13. Bb1 c5 14. Ne5 cxd4 15. exd4 Rc8 16. Qd3 Nxe5 17. dxe5 Qxd3 18. Bxd3 Nd5 19. Bxe7 Nxe7 20. Ne4 Rxc1 21. Rxc1 Ng6 22. Nc5 Nf4 0-1

[Event "IECC CL4-2003.16 email"]
[Site "IECC email"]
[Date "2003.07.14"]
[Round "?"]
[White "Wenger, Joseph"]
[Black "Mullen, John"]
[Result "1-0"]
[WhiteElo "1803"]
[BlackElo "1701"]
[PlyCount "49"]
[EventDate "2003.??.??"]
[EventType "tourn (corr)"]
[EventRounds "4"]
[SourceTitle "Corr 2008"]
[Source "ChessBase"]
[SourceDate "2008.06.24"]
[SourceVersion "1"]
[SourceVersionDate "2008.06.24"]
[SourceQuality "1"]

1. e4 e5 2. f4 exf4 3. Nf3 g5 4. h4 g4 5. Ne5 d6 6. Nxg4 Nf6 7. Nxf6+ Qxf6 8. d4 Rg8 9. Nc3 c6 10. Qd2 Bg7 11. Qxf4 Qxd4 12. Bd2 Be5 13. Qe3 Bg3+ 14. Kd1 Be5 15. Qxd4 Bxd4 16. Bf4 Be5 17. Bxe5 dxe5 18. Ke1 Bg4 19. Kf2 Nd7 20. Be2 Bxe2 21. Nxe2 Nf6 22. Nc3 b5 23. a3 Rd8 24. Rhd1 Rd2+ 25. Rxd2 1-0

[Event "IECC CL4-2001.25"]
[Site "IECC email"]
[Date "2001.07.18"]
[Round "?"]
[White "Japelj, Damjan"]
[Black "Mullen, John"]
[Result "0-1"]
[WhiteElo "1709"]
[BlackElo "1675"]
[PlyCount "38"]
[EventDate "2001.??.??"]
[EventType "tourn (corr)"]
[EventRounds "4"]
[SourceTitle "Corr 2008"]
[Source "ChessBase"]
[SourceDate "2008.06.24"]
[SourceVersion "1"]
[SourceVersionDate "2008.06.24"]
[SourceQuality "1"]

1. e4 e5 2. Nf3 Nc6 3. d4 exd4 4. Nxd4 Nf6 5. Nxc6 bxc6 6. e5 Qe7 7. Qe2 Nd5 8. Nd2 Qe6 9. c4 Nb6 10. b3 Be7 11. Bb2 0-0 12. g3 d5 13. f4 Rd8 14. Rd1 dxc4 15. bxc4 Bb4 16. a3 Ba5 17. Qe4 Qf5 18. Qxf5 Bxf5 19. h3 Na4 0-1

[Event "IECC Swiss email"]
[Site "IECC email"]
[Date "2001.07.17"]
[Round "?"]
[White "Goze, Tolga"]
[Black "Mullen, John"]
[Result "1-0"]
[WhiteElo "1663"]
[BlackElo "1692"]
[PlyCount "101"]
[EventDate "2001.??.??"]
[EventType "tourn (corr)"]
[EventRounds "6"]
[SourceTitle "Corr 2008"]
[Source "ChessBase"]
[SourceDate "2008.06.24"]
[SourceVersion "1"]
[SourceVersionDate "2008.06.24"]
[SourceQuality "1"]

1. e4 e5 2. Nf3 Nc6 3. Bc4 Bc5 4. c3 Nf6 5. d4 exd4 6. e5 d5 7. Bb5 Ne4 8. cxd4 Bb6 9. Bxc6+ bxc6 10. Be3 Ba6 11. Qc2 Qd7 12. Nbd2 Ba5 13. Qa4 Bxd2+ 14. Bxd2 Bb5 15. Qa3 Qg4 16. Rg1 Nxd2 17. Kxd2 Qf4+ 18. Qe3 Qxe3+ 19. Kxe3 Kd7 20. Nd2 c5 21. dxc5 Rab8 22. f4 Ba6 23. b3 Rb4 24. Rac1 d4+ 25. Ke4 Bb7+ 26. Kd3 Ba6+ 27. Nc4 Kc6 28. Kxd4 Rd8+ 29. Ke3 Bxc4 30. Rxc4 Rxc4 31. bxc4 Kxc5 32. Rc1 Rd4 33. f5 a6 34. Rc2 Rd7 35. Rd2 Re7 36. Rd5+ Kxc4 37. Ke4 c5 38. Rd6 a5 39. e6 fxe6 40. fxe6 Re8 41. Ke5 Kb5 42. Rd7 Kc6 43. Rxg7 h6 44. Rh7 Rg8 45. g4 c4 46. Rxh6 Rb8 47. Rh3 Rb2 48. g5 Re2+ 49. Kd4 c3 50. Kxc3 Rxa2 51. Re3 1-0

[Event "IECC Y2KO email"]
[Site "IECC email"]
[Date "2000.10.26"]
[Round "?"]
[White "Mullen, John"]
[Black "Turp, Phil"]
[Result "0-1"]
[WhiteElo "1680"]
[BlackElo "2014"]
[PlyCount "98"]
[EventDate "2000.??.??"]
[EventType "tourn (corr)"]
[EventRounds "2"]
[SourceTitle "Corr 2008"]
[Source "ChessBase"]
[SourceDate "2008.06.24"]
[SourceVersion "1"]
[SourceVersionDate "2008.06.24"]
[SourceQuality "1"]

1. e4 e5 2. Nf3 Nf6 3. d4 Nxe4 4. Bd3 d5 5. Nxe5 Nd7 6. Nxd7 Bxd7 7. 0-0 Bd6 8. c4 c6 9. cxd5 cxd5 10. Qh5 Nf6 11. Re1+ Be7 12. Qe2 Be6 13. Bb5+ Nd7 14. Nc3 a6 15. Ba4 b5 16. Bb3 Nf6 17. Bg5 0-0 18. Rad1 Re8 19. Bxf6 Bxf6 20. Qf3 Rc8 21. h3 Qd7 22. Bxd5 Red8 23. Bxe6 fxe6 24. d5 exd5 25. Nxd5 Qf7 26. Nxf6+ Qxf6 27. Qxf6 gxf6 28. Rxd8+ Rxd8 29. Re2 Kf7 30. g4 a5 31. Kg2 Rd3 32. Rc2 b4 33. Rc5 Rd2 34. Rxa5 Rxb2 35. Kg3 Ke6 36. f3 h6 37. h4 Rc2 38. Ra4 Kf7 39. Rxb4 Rxa2 40. Rb7+ Kg8 41. Kf4 Ra5 42. h5 Rg5 43. Ra7 Re5 44. Kg3 Rb5 45. f4 Rb3+ 46. Kg2 Rc3 47. Rd7 Rb3 48. Re7 Ra3 49. Re3 Rxe3 0-1

[Event "IECC Swiss email"]
[Site "IECC email"]
[Date "2000.01.16"]
[Round "?"]
[White "Mullen, John"]
[Black "Hakuc, Waclaw"]
[Result "0-1"]
[WhiteElo "1704"]
[BlackElo "1834"]
[PlyCount "76"]
[EventDate "2000.??.??"]
[EventType "tourn (corr)"]
[EventRounds "6"]
[SourceTitle "Corr 2008"]
[Source "ChessBase"]
[SourceDate "2008.06.24"]
[SourceVersion "1"]
[SourceVersionDate "2008.06.24"]
[SourceQuality "1"]

1. e4 e5 2. Nf3 Nc6 3. Bb5 a6 4. Ba4 b5 5. Bb3 Nf6 6. 0-0 Bc5 7. Nxe5 Nxe5 8. d4 Bxd4 9. Qxd4 Nc6 10. Qc3 0-0 11. Bg5 Nxe4 12. Bxd8 Nxc3 13. Bxc7 Ne2+ 14. Kh1 Bb7 15. c3 Rfe8 16. Rd1 Ne5 17. Bxe5 Rxe5 18. Rxd7 Nf4 19. Bxf7+ Kf8 20. h4 Bc6 21. Rc7 Bxg2+ 22. Kh2 Rd8 23. Bb3 Bd5 24. Bxd5 Nxd5 25. Ra7 Re2 26. Kg3 Rxb2 27. Rxa6 Nf6 28. Na3 Rd3+ 29. f3 Nh5+ 30. Kh3 Rxf3+ 31. Kg4 Rbf2 32. Rg1 Nf6+ 33. Rxf6+ gxf6 34. Nxb5 h5+ 35. Kxh5 Rf5+ 36. Kg6 Rxb5 37. a4 Rb7 38. Kh6 Rf4 0-1

[Event "IECC KO email"]
[Site "IECC email"]
[Date "1999.11.09"]
[Round "?"]
[White "Wenger, Joseph"]
[Black "Mullen, John"]
[Result "1/2-1/2"]
[WhiteElo "1822"]
[BlackElo "1705"]
[PlyCount "100"]
[EventDate "1999.??.??"]
[EventType "tourn (corr)"]
[EventRounds "6"]
[SourceTitle "Corr 2008"]
[Source "ChessBase"]
[SourceDate "2008.06.24"]
[SourceVersion "1"]
[SourceVersionDate "2008.06.24"]
[SourceQuality "1"]

1. e4 c5 2. Nf3 d6 3. d4 cxd4 4. Nxd4 Nf6 5. Nc3 a6 6. Bg5 Nc6 7. Be2 e6 8. 0-0 Be7 9. Qd2 0-0 10. Rad1 Bd7 11. Nb3 Qb6 12. Bxf6 gxf6 13. Qh6 Kh8 14. Na4 Qc7 15. Qe3 Be8 16. Nc3 b5 17. a4 b4 18. Nb1 Rg8 19. N1d2 Ne5 20. a5 Bb5 21. Bxb5 axb5 22. Nf3 Nc4 23. Qd4 Nxa5 24. Nxa5 Rxa5 25. Qxb4 Ra4 26. Qxb5 Rxe4 27. c3 d5 28. Nd4 f5 29. Rfe1 Reg4 30. g3 f4 31. Rd3 Bh4 32. Kf1 fxg3 33. hxg3 Bxg3 34. Qc6 Qxc6 35. Nxc6 Bd6 36. b4 Rc4 37. b5 Kg7 38. Ra1 h5 39. Ke2 Kf6 40. Rf3+ Bf4 41. Ra7 Rf8 42. b6 Rxc6 43. Rxf4+ Ke5 44. Raxf7 Rxf7 45. Rxf7 Rxc3 46. f4+ Ke4 47. Rf6 Rb3 48. Rxe6+ Kxf4 49. Rh6 Ke4 50. Kd2 Kd4 1/2-1/2

[Event "IECC CL4-1999.35"]
[Site "IECC email"]
[Date "1999.09.02"]
[Round "?"]
[White "Brooks, Mark"]
[Black "Mullen, John"]
[Result "1/2-1/2"]
[WhiteElo "1690"]
[BlackElo "1668"]
[PlyCount "47"]
[EventDate "1999.??.??"]
[EventType "tourn (corr)"]
[EventRounds "4"]
[SourceTitle "Corr 2008"]
[Source "ChessBase"]
[SourceDate "2008.06.24"]
[SourceVersion "1"]
[SourceVersionDate "2008.06.24"]
[SourceQuality "1"]

1. Nf3 d5 2. g3 Bg4 3. Bg2 Nc6 4. c4 dxc4 5. Na3 Qd5 6. Qa4 Nf6 7. Nh4 Qe6 8. Nf3 0-0-0 9. 0-0 h6 10. Qxc4 Qxc4 11. Nxc4 g5 12. Nfe5 Nxe5 13. Nxe5 Bxe2 14. Nxf7 Bxf1 15. Bxf1 Bg7 16. d3 Nd7 17. Bh3 Rhf8 18. Nxd8 Kxd8 19. Be3 Ne5 20. Rc1 g4 21. Bg2 Nf3+ 22. Kh1 Rf5 23. Rc4 h5 24. h3 1/2-1/2

[Event "EXCLAM op3 corr"]
[Site "Email"]
[Date "1999.??.??"]
[Round "?"]
[White "Capoccia, Angelo Antonio"]
[Black "Mullen, John"]
[Result "1-0"]
[WhiteElo "2500"]
[BlackElo "1700"]
[PlyCount "37"]
[EventDate "1999.??.??"]
[EventType "tourn (corr)"]
[EventRounds "6"]
[SourceTitle "Corr 2002"]
[Source "ChessBase"]
[SourceDate "2002.05.23"]
[SourceVersion "1"]
[SourceVersionDate "2002.05.23"]
[SourceQuality "1"]

1. e4 e5 2. Nf3 Nc6 3. Bb5 a6 4. Ba4 Nf6 5. d4 exd4 6. 0-0 b5 7. Bb3 Bc5 8. e5 Ng8 9. c3 dxc3 10. Nxc3 Ba7 11. Ng5 Nh6 12. Qf3 0-0 13. Qd3 g6 14. Qh3 Kg7 15. Qxh6+ Kxh6 16. Nxf7+ Kh5 17. Bd1+ Kh4 18. Bg5+ Qxg5 19. g3+ 1-0

[Event "EXCLAM op3 corr"]
[Site "Email"]
[Date "1999.??.??"]
[Round "?"]
[White "Mullen, John"]
[Black "Romano, Frank C"]
[Result "1/2-1/2"]
[WhiteElo "1700"]
[BlackElo "2100"]
[PlyCount "56"]
[EventDate "1999.??.??"]
[EventType "tourn (corr)"]
[EventRounds "6"]
[SourceTitle "Corr 2002"]
[Source "ChessBase"]
[SourceDate "2002.05.23"]
[SourceVersion "1"]
[SourceVersionDate "2002.05.23"]
[SourceQuality "1"]

1. e4 e6 2. d4 d5 3. e5 c5 4. c3 Nc6 5. Nf3 Qb6 6. Be2 cxd4 7. cxd4 Nh6 8. Nc3 Nf5 9. Na4 Bb4+ 10. Bd2 Qa5 11. Bc3 b5 12. a3 Bxc3+ 13. Nxc3 b4 14. axb4 Qxb4 15. Bb5 Bd7 16. Bxc6 Bxc6 17. Qd2 0-0 18. 0-0 Rfb8 19. Ra2 h5 20. Rfa1 a5 21. Rc1 Bb5 22. b3 a4 23. bxa4 Bxa4 24. Rxa4 Rxa4 25. Nxa4 Qxa4 26. h3 Qa7 27. Qf4 Qe7 28. Kh2 Qa7 1/2-1/2

[Event "EXCLAM op3 corr"]
[Site "Email"]
[Date "1999.??.??"]
[Round "?"]
[White "Mullen, John"]
[Black "Schutt, Raymond Wayne"]
[Result "1/2-1/2"]
[WhiteElo "1700"]
[BlackElo "2300"]
[PlyCount "56"]
[EventDate "1999.??.??"]
[EventType "tourn (corr)"]
[EventRounds "6"]
[SourceTitle "Corr 2002"]
[Source "ChessBase"]
[SourceDate "2002.05.23"]
[SourceVersion "1"]
[SourceVersionDate "2002.05.23"]
[SourceQuality "1"]

1. e4 c5 2. Nf3 Nc6 3. d4 cxd4 4. Nxd4 g6 5. c4 Bg7 6. Nc3 Nf6 7. Be3 d6 8. Be2 0-0 9. 0-0 Bd7 10. Qd2 Nxd4 11. Bxd4 Bc6 12. f3 a5 13. b3 Nd7 14. Bf2 Nc5 15. Rab1 e6 16. Bd1 Be5 17. Bc2 Qf6 18. Ne2 Rfd8 19. f4 Bb2 20. Nd4 Bxd4 21. Bxd4 Qe7 22. Qc3 e5 23. fxe5 dxe5 24. Bxe5 Nxe4 25. Bxe4 Bxe4 26. Rbe1 Qc5+ 27. Kh1 f5 28. Bf6 Rd3 1/2-1/2